Memorie avvedimenti e rimembranze (Record no. 160253)

MARC details
000 -LEADER
campo de control de longitud fija 00673nam a22001935i 4500
001 - NÚMERO DE CONTROL
campo de control 160253
003 - IDENTIFICADOR DE NÚMERO DE CONTROL
campo de control ES-MaACL
005 - FECHA Y HORA DE LA ÚLTIMA TRANSACCIÓN
campo de control 20230906211958.0
008 - DATOS DE LONGITUD FIJA--INFORMACIÓN GENERAL
campo de control de longitud fija 040924s1870 it |||| | ita d
040 ## - FUENTE DE CATALOGACIÓN
Centro catalogador/agencia de origen CAM
Lengua de catalogación spa
Centro/agencia transcriptor CAM
100 1# - ENTRADA PRINCIPAL--NOMBRE DE PERSONA
Nombre de persona Mortillaro, Vincenzo.
9 (RLIN) 130224
245 10 - MENCIÓN DEL TÍTULO
Título Memorie avvedimenti e rimembranze
Resto del título : continuazione dei miei ultimi ricordi /
Mención de responsabilidad, etc. per Vincenzo Mortillaro.
260 ## - PUBLICACIÓN, DISTRIBUCIÓN, ETC.
Lugar de publicación, distribución, etc. Palermo :
Nombre del editor, distribuidor, etc. [s.n.],
Fecha de publicación, distribución, etc. 1870 (
Fabricante Stabilimento tipografico di Pietro Pensante)
300 ## - DESCRIPCIÓN FÍSICA
Extensión XII, 229 p. ;
Dimensiones 25 cm.
651 ## - PUNTO DE ACCESO ADICIONAL DE MATERIA--NOMBRE GEOGRÁFICO
Nombre geográfico Europa-
Subdivisión general Historia-
Subdivisión cronológica S. \RXIX\R.
9 (RLIN) 234134
752 ## - ENTRADA AGREGADA--NOMBRE JERÁRQUICO DEL LUGAR
País o entidad superior Italia -
Ciudad Palermo
852 ## - LOCALIZACIÓN
Ubicación ES-MaACL
Número de control de estantería G-8854
Nota libre -- Enc. hol.
Holdings
Estatus retirado Estado de pérdida Estado de daño No para préstamo Colección Biblioteca de origen Biblioteca actual Ubicación en estantería Fecha de adquisición Fuente de adquisición Total de préstamos Signatura topográfica completa Código de barras Visto por última vez Precio de reemplazo Tipo de ítem Koha
        Libros del s. XIX Biblioteca del Ateneo de Madrid Biblioteca del Ateneo de Madrid Sala Pecera Planta 3 17/01/2008     G-8854 1167797 23/02/2023 23/02/2023 Libro impreso antiguo